Featuring de Booba - Statistiques

Statistiques générales
  • Ce quiz a été pris 337 fois
  • Le résultat moyen est 29 sur 84
Statistiques - réponses
Titre Artiste % Correct
Pinocchio / 113 / Paris c'est loin Damso
93%
Kalash / L.E.F / Criminelle League Kaaris
91%
VVV / Blanche / Madrina / Platine o Plomo Maes
91%
Ça va aller / Médicament / Tuba Life Niska
87%
Zer / Validée / Ghetto Benash
80%
Bonne journée / Daddy / La zone / 92i SDM
80%
Rolex / Mové Lang / Pinocchio / Bouyon / 31 / Piccolo / Haï / Morocco / Corner Gato
79%
Reste en chien La Fouine
78%
Rouge et bleu / NWA Kalash
76%
Jauné Zed
76%
100-8 Zoo / Pazalaza pour sazamuser / Du biff / On contrôle la zone Brams
75%
Strass & paillettes Ali
73%
Oh bah oui Lacrim
73%
Mona Lisa / POMPEII / PRT JSX
69%
KYLL Médine
69%
Dernière fois / Sale mood / Piccolo Bramsito
68%
45 scientific / Infréquentables / MQTB Dosseh
64%
Cruella Shay
64%
TOUT GACHER / 92i Green Montana
62%
Destinée Kayna Samet
61%
Zer / Mula Siboy
58%
Gun in Hand / Izi Life / Lunatic / Locked Up Akon
56%
Temps mort 2.0 Lino
56%
Longueur d'avance Maître Gims
52%
Balti Gradur
47%
Sans ratures / Baby / Les rues de ma vie / Freestyle Radio 4 / Tout ce qu'on connait / De larmes et de sang / Outro Nessbeal
47%
100-8 Zoo / Nouvelle école / Commis d'office / O.G / Homme de l'ombre / Freestyle Radio 4 / B.O / Outro / Du biff / On contrôle la zone Mala
45%
Call of bitume / Banlieue / On sait l'faire Rim'K
45%
Grain de sable ELIA
44%
Vue sur la mer / Baby / PRT / 32 / Fin Dala
42%
92i / Chicha menthe / Panenka Bilton
40%
Caméléon Timal
40%
Bellucci Future
38%
U2K / A.T.R Twinsmatic
38%
Here Christine and the Queens
37%
Charbon Leto
35%
Zénith Mademoiselle Lou
35%
Les meilleurs 40000 gang
31%
1.8.7 / Hustlin' Rick Ross
31%
Trophée UZI
30%
Ça va aller Sidiki Diabaté
29%
Même tarif Alonzo
28%
Kiname Fally Ipupa
27%
Bienvenue dans le Texas Tony Parker
26%
G-Love Farruko
25%
Ouais ouais / Ne me parle pas de rue Mac Tyer
24%
Téléphone Sfera Ebbasta
24%
92i Sicario
22%
Yamanaka Sicario
22%
C'est la vie 2 Chainz
20%
Animals Lim
18%
Izi Life / Si tu savais / Du biff 92I
16%
All Set Jeremih
15%
Je me souviens Kennedy
15%
Caesar Palace P. Diddy
15%
Au bout des rêves Trade Union
15%
On sait l'faire 113
14%
Salade tomates oignons / Me-Ca / Quoi qu'il arrive / On contrôle la zone Djé
14%
Mové Lang Bridjahting
13%
92 izi Malekal Morte
13%
Fast Life / Diamond Girl Ryan Leslie
13%
100-8 Zoo / R.A.P Doums
12%
Réel T-Pain
12%
Au fond de la classe Intouchable
10%
Ratpis Mavado
9%
Cash flow Zoxea
9%
Me And You Cassie
7%
De larmes et de sang Dicidens
7%
On sait l'faire Mokobé
7%
Bad boy street Demarco
5%
King Rock City
5%
Avant de partir Leya Masry
4%
Soldats Naadei
4%
Alter Ego Wayne Wonder
4%
Pazalaza pour sazamuser I2S
3%
100-8 Zoo / De larmes et de sang Issaka
3%
Animals Moussa
3%
Au bout des rêves Rudy
3%
Mauvais garçon (Remix) Riddla
1%
De larmes et de sang Coryza
0%
Corner D.O.E Boy Philly
0%
On se maintient Krabby
0%
Intro Patrimoine du Ghetto
0%
Momma Remo
0%
Aucun quiz correspondant
Distribution des résultats
% des personnes avec chaque résultat
Percentile par nombre de réponses
Votre historique - résultats
Vous n’avez pas pris ce quiz